ナンバリング、駅番号が「81」を超える駅 - Statistics

General Stats
  • This quiz has been taken 54 times
    26 since last reset
  • The average score is 25 of 66
Answer Stats
番号 駅名 % Correct
JC86 武蔵五日市
76%
CA83 米原
67%
JC82 東秋留
62%
JC83 秋川
62%
JC81 熊川
57%
JC85 武蔵増戸
57%
JC84 武蔵引田
52%
KS88 松戸
52%
JR-A85 姫路
52%
CA81 近江長岡
48%
JR-A84 東姫路
48%
M93 賢島
48%
HK-94 山田
48%
HK-95 北千里
48%
CA82 醒ケ井
43%
JR-A82 ひめじ別所
43%
HK-81
43%
HK-82 西京極
43%
HK-83 西院
43%
HK-84 大宮
43%
HK-85 烏丸
43%
HK-86 京都河原町
43%
HK-87 柴島
43%
HK-89 吹田
43%
HK-93 南千里
43%
HK-98 嵐山
43%
KS84 八柱
38%
KS85 みのり台
38%
KS86 松戸新田
38%
NK86 極楽橋
38%
NK87 高野山
38%
M83 松尾
38%
M88 志摩磯部
38%
M91 鵜方
38%
HK-90 豊津
38%
HK-91 関大前
38%
HK-97 松尾大社
38%
KS81 元山
33%
KS82 五香
33%
KS87 上本郷
33%
JR-A83 御着
33%
NK85 紀伊神谷
33%
NK90 栂・美木多
33%
NK92 和泉中央
33%
M92 志摩神明
33%
HK-88 下新庄
33%
HK-92 千里山
33%
KS83 常盤平
29%
JR-A81 曽根
29%
NK88 深井
29%
NK89 泉ケ丘
29%
NK91 光明池
29%
M86 沓掛
29%
HK-96 上桂
29%
NK81 高野下
24%
NK82 下古沢
24%
NK83 上古沢
24%
NK84 紀伊細川
24%
M82 加茂
24%
M87 上之郷
24%
M84 白木
19%
M85 五知
19%
M90 志摩横山
19%
M81 船津
14%
M89 穴川
14%
KH81 ケーブル八幡宮山上
14%
No matching quizzes found
Score Distribution
Percent of People with Each Score
Percentile by Number Answered
Your Score History
You have not taken this quiz since the last reset